Statistics for Youngest Teams in Europe's Top 5 Leagues

Click here to take the quiz!

General Stats

  • This quiz has been taken 39 times
    (18 since last reset)
  • The average score is 15 of 29

Answer Stats

#Avge. AgeLeagueAnswer% Correct
2424.9 yrsLigue 1Olympique Lyon
88%
1024.2 yrsBundesligaBayer Leverkusen
82%
1924.8 yrsLigue 1Stade Reims
82%
723.9 yrsLigue 1Stade Rennais
82%
523.7 yrsLigue 1AS Monaco
76%
523.7 yrsLigue 1NIce
76%
223.0 yrsPremier LeagueChelsea
71%
1124.2 yrsLigue 1Strasbourg
71%
1424.7 yrsSerie AFiorentina
65%
2525.0 yrsLigue 1Montpellier
65%
2525.0 yrsBundesligaRB Leipzig
65%
122.8 yrsLigue 1Toulouse
59%
1924.8 yrsSerie ABologna
53%
924.1 yrsBundesligaEintracht Frankfurt
53%
2525.0 yrsLigue 1Le Havre
47%
1424.7 yrsLigue 1Lorient
47%
1424.7 yrsLigue 1Metz
47%
2525.0 yrsLa LigaReal Sociedad
47%
1224.4 yrsLa LigaValencia
47%
1424.7 yrsBundesligaAugsburg
41%
323.5 yrsBundesligaVfB Stuttgart
41%
824.0 yrsBundesligaVfl Wolfsburg
41%
1424.7 yrsPremier LeagueBurnley
35%
323.5 yrsSerie ALecce
35%
1224.4 yrsSerie AUdinese
35%
1924.8 yrsLa LigaAlmeria
29%
1924.8 yrsSerie ATorino
29%
1924.8 yrsSerie AFrosinone
24%
2525.0 yrsBundesligaArminia Bielefeld
6%

Score Distribution

Percentile by Number Answered

Percent of People with Each Score

Your Score History

You have not taken this quiz since the last reset